خدمات الإعارة فى المكتبة الحديثة / (رقم التسجيلة. 137880)
[ عرض عادي ]
| 000 -LEADER | |
|---|---|
| fixed length control field | 01373cam a2200301 a 4500 |
| 003 - CONTROL NUMBER IDENTIFIER | |
| control field | EG-GiCUC |
| 008 - FIXED-LENGTH DATA ELEMENTS--GENERAL INFORMATION | |
| fixed length control field | 070305s2002 su a f f000 0 ara d |
| 017 ## - COPYRIGHT OR LEGAL DEPOSIT NUMBER | |
| Copyright or legal deposit number | 22 / 3914 |
| Assigning agency | السعودية . مكتبة الملك فهد الوطنية |
| 020 ## - INTERNATIONAL STANDARD BOOK NUMBER | |
| International Standard Book Number | 9960001679 |
| 040 ## - CATALOGING SOURCE | |
| Original cataloging agency | EG-GiCUC |
| Language of cataloging | ara |
| Transcribing agency | EG-GiCUC |
| 092 04 - LOCALLY ASSIGNED DEWEY CALL NUMBER (OCLC) | |
| Classification number | 025.6 |
| Item number | H989 2002 |
| Edition number | 21 |
| 099 ## - LOCAL FREE-TEXT CALL NUMBER (OCLC) | |
| Classification number | 04 |
| -- | 025.6 H989 2002 |
| 100 1# - MAIN ENTRY--PERSONAL NAME | |
| Personal name | الحزيمي: سعود عبد الله. |
| 245 10 - TITLE STATEMENT | |
| Title | خدمات الإعارة فى المكتبة الحديثة / |
| Statement of responsibility, etc. | سعود بن عبدالله الحزيمي. |
| 246 30 - VARYING FORM OF TITLE | |
| Title proper/short title | الإعارة فى المكتبة الحديثة |
| 250 ## - EDITION STATEMENT | |
| Edition statement | ط.2 : مزيدة و منقحة. |
| 260 ## - PUBLICATION, DISTRIBUTION, ETC. | |
| Place of publication, distribution, etc. | الرياض : |
| Name of publisher, distributor, etc. | مكتبة الملك فهد الوطنية: |
| Date of publication, distribution, etc. | 2002. |
| 300 ## - PHYSICAL DESCRIPTION | |
| Extent | 156ص. : |
| Other physical details | إيض. ؛ |
| Dimensions | 24 سم. |
| 490 1# - SERIES STATEMENT | |
| Series statement | مطبوعات مكتبة الملك فهد الوطنية . السلسلة الثانية ؛ |
| Volume/sequential designation | 39 |
| 504 ## - BIBLIOGRAPHY, ETC. NOTE | |
| Bibliography, etc. note | يشتمل على ارجاعات ببليوجرافية (ص.153-156). |
| 650 #7 - SUBJECT ADDED ENTRY--TOPICAL TERM | |
| Topical term or geographic name entry element | الإعارة (مكتبات) . |
| Source of heading or term | qrmak |
| 830 #0 - SERIES ADDED ENTRY--UNIFORM TITLE | |
| Uniform title | مطبوعات مكتبة الملك فهد الوطنية . |
| Number of part/section of a work | السلسلة الثانية ؛ |
| Volume/sequential designation | 39 |
| 902 ## - LOCAL DATA ELEMENT B, LDB (RLIN) | |
| No. of Items | 1 |
| 905 ## - LOCAL DATA ELEMENT E, LDE (RLIN) | |
| Cataloger | رضا |
| Reviser | مدخل |
| 905 ## - LOCAL DATA ELEMENT E, LDE (RLIN) | |
| Cataloger | رضا |
| Reviser | مراجع |
| 942 ## - ADDED ENTRY ELEMENTS (KOHA) | |
| Source of classification or shelving scheme | Dewey Decimal Classification |
| Koha item type | Books |
| Source of classification or shelving scheme | Not for loan | Home library | Current library | Date acquired | Full call number | Barcode | Date last seen | Copy number | Koha item type |
|---|---|---|---|---|---|---|---|---|---|
| Dewey Decimal Classification | المكتبة المركزبة الجديدة - جامعة القاهرة | قاعة الكتب - الدور الثاني | 11.02.2024 | 025.6 H4989 2002 | 01000100144122000 | 23.09.2023 | C.1 | Books |